[Event "Benidorm 2003 - sub2300"]
[Site "Benidorm ESP"]
[Date "2003.11.24"]
[Round "5.46"]
[White "Serra Olives, Tomas"]
[Black "Saldana Caballe, Enric"]
[Result "1-0"]
[WhiteElo "2200"]
[BlackElo "2111"]
[PlyCount "105"]
[EventDate "2003.11.21"]
[EventType "swiss"]
[EventRounds "9"]
[EventCountry "ESP"]
[Source "lmi"]
[SourceDate "2003.11.21"]

1. e4 c5 2. Nf3 d6 3. d4 cxd4 4. Nxd4 Nf6 5. Nc3 g6 6. Be3 Bg7 7. f3 O-O 8. Qd2
Nc6 9. Bc4 Nd7 10. h4 Nb6 11. Bb3 Na5 12. Qd3 Nxb3 13. axb3 d5 14. Ndb5 a6 15.
Bxb6 Qxb6 16. Nxd5 Qd8 17. Nbc3 e6 18. Ne3 Qxd3 19. cxd3 Rd8 20. Ke2 Bd7 21. h5
Rac8 22. hxg6 hxg6 23. Rhc1 Rc6 24. f4 Bd4 25. e5 f6 26. Ng4 fxe5 27. Nxe5 Rb6
28. Ne4 Bxe5 29. fxe5 Bc6 30. Nd6 Rxb3 31. Rh1 Rxb2+ 32. Ke3 Kg7 33. Rh4 Rxg2
34. Rf4 Rg3+ 35. Kd4 Rf8 36. Rxf8 Kxf8 37. Rc1 Rg4+ 38. Kc5 Bd5 39. Rf1+ Kg7
40. Ne8+ Kh6 41. Nf6 Rg3 42. Nxd5 exd5 43. d4 g5 44. Kxd5 g4 45. Re1 Kg7 46.
Kd6 Rd3 47. Re4 g3 48. Rg4+ Kf8 49. e6 g2 50. d5 Rd2 51. e7+ Kf7 52. Rf4+ Kg7
53. e8=Q 1-0

[Event "Benidorm 2003 - sub2300"]
[Site "Benidorm ESP"]
[Date "2003.11.24"]
[Round "5.48"]
[White "Martin Blanco, Fernando"]
[Black "Bayon Fernandez, Rogelio"]
[Result "0-1"]
[WhiteElo "2128"]
[BlackElo "2196"]
[PlyCount "86"]
[EventDate "2003.11.21"]
[EventType "swiss"]
[EventRounds "9"]
[EventCountry "ESP"]
[Source "lmi"]
[SourceDate "2003.11.21"]

1. e4 c5 2. c3 g6 3. d4 cxd4 4. cxd4 Bg7 5. Nf3 a6 6. Bd3 d5 7. e5 Bg4 8. Nbd2
Nc6 9. h3 Bxf3 10. Nxf3 e6 11. O-O Nge7 12. Bg5 O-O 13. Qd2 Qb6 14. Rac1 Rac8
15. Bb1 Rc7 16. Bf6 Rfc8 17. Rc3 Bf8 18. Rfc1 Na5 19. b3 Nac6 20. h4 Qb4 21.
Qf4 Nxd4 22. Rxc7 Ne2+ 23. Kf1 Rxc7 24. Kxe2 Qxf4 25. Rxc7 Nc6 26. Rxb7 Qc1 27.
Bd3 Qb2+ 28. Ke3 d4+ 29. Kf4 Qxf2 30. Bxa6 Bh6+ 31. Bg5 Bxg5+ 32. hxg5 Qe3+ 33.
Kg4 Nxe5+ 34. Nxe5 Qe4+ 35. Kh3 Qxe5 36. Re7 Qxg5 37. a4 Qe3+ 38. g3 Qxb3 39.
Bb5 Qb4 40. Ra7 g5 41. Bf1 Qe1 42. Bb5 Qh1+ 43. Kg4 h6 0-1

[Event "Benidorm 2003 - sub2300"]
[Site "Benidorm ESP"]
[Date "2003.11.24"]
[Round "5.50"]
[White "Stockmann, Helmut"]
[Black "Christensen, Esben"]
[Result "1-0"]
[WhiteElo "2171"]
[BlackElo "2083"]
[PlyCount "93"]
[EventDate "2003.11.21"]
[EventType "swiss"]
[EventRounds "9"]
[EventCountry "ESP"]
[Source "lmi"]
[SourceDate "2003.11.21"]

1. c4 Nf6 2. Nc3 g6 3. e4 d6 4. g3 c5 5. Bg2 Bg7 6. Nge2 O-O 7. O-O Nc6 8. d3
Rb8 9. Rb1 a6 10. a3 b5 11. cxb5 axb5 12. b4 Qb6 13. h3 cxb4 14. axb4 Nd7 15.
Be3 Qd8 16. Qd2 Re8 17. Rfc1 Ba6 18. f4 e6 19. Bf2 Nb6 20. Nd5 exd5 21. Rxc6
dxe4 22. Bxe4 Bc8 23. Bg2 Na4 24. Rbc1 Bb7 25. R6c2 Qd7 26. Rc7 Qe6 27. Bxb7
Qxe2 28. Qxe2 Rxe2 29. Bd5 Rf8 30. Rxf7 Rxf7 31. Rc7 Nc3 32. Bxf7+ Kf8 33. Bb3
Rb2 34. Be6 Re2 35. f5 gxf5 36. Bxf5 Nd5 37. Rb7 Re5 38. g4 Nf4 39. h4 Nh3+ 40.
Kf1 Nxf2 41. Kxf2 h5 42. Kf3 hxg4+ 43. Kxg4 Rd5 44. Kg5 Bc3 45. h5 Re5 46. Kg6
Re8 47. Be4 1-0

[Event "Benidorm 2003 - sub2300"]
[Site "Benidorm ESP"]
[Date "2003.11.24"]
[Round "5.52"]
[White "Fabre Massana, Miquel"]
[Black "Carlan, Ionut"]
[Result "0-1"]
[WhiteElo "2159"]
[BlackElo "2061"]
[PlyCount "87"]
[EventDate "2003.11.21"]
[EventType "swiss"]
[EventRounds "9"]
[EventCountry "ESP"]
[Source "lmi"]
[SourceDate "2003.11.21"]

1. e4 d6 2. d4 g6 3. c4 Bg7 4. Nc3 Nd7 5. Nf3 c5 6. Be2 Ngf6 7. O-O O-O 8. h3
a6 9. Be3 b6 10. Qd2 cxd4 11. Nxd4 Bb7 12. f3 Nh5 13. Rfd1 Re8 14. Rac1 Rc8 15.
b3 Ng3 16. Bd3 Nc5 17. Nde2 Nh5 18. Nf4 Nf6 19. Bf1 Nfd7 20. Nfd5 e5 21. Bh6
Bh8 22. Bg5 f6 23. Be3 Bg7 24. Qf2 Bc6 25. Nb4 Bf8 26. Nxc6 Rxc6 27. Nd5 f5 28.
exf5 gxf5 29. Qg3+ Kh8 30. Bg5 Qc8 31. Bf6+ Nxf6 32. Nxf6 Bh6 33. Qh4 Be3+ 34.
Kh1 Kg7 35. Nxe8+ Qxe8 36. Rc3 Bd4 37. Qg5+ Qg6 38. Qxg6+ Kxg6 39. Rc2 a5 40.
g4 Ne6 41. gxf5+ Kxf5 42. Rg2 Kf6 43. Rg8 Rc7 44. Rd2 0-1

[Event "Benidorm 2003 - sub2300"]
[Site "Benidorm ESP"]
[Date "2003.11.24"]
[Round "5.53"]
[White "Martin Rodriguez, Emilio"]
[Black "Lopez Pereyra, Antonio"]
[Result "1-0"]
[WhiteElo "2125"]
[BlackElo "2159"]
[PlyCount "73"]
[EventDate "2003.11.21"]
[EventType "swiss"]
[EventRounds "9"]
[EventCountry "ESP"]
[Source "lmi"]
[SourceDate "2003.11.21"]

1. d4 f5 2. Nc3 d5 3. Bg5 c6 4. e3 Nd7 5. Bd3 g6 6. h4 Bg7 7. g4 fxg4 8. Qxg4
Ne5 9. Qg2 Nxd3+ 10. cxd3 Qb6 11. O-O-O Be6 12. Nge2 O-O-O 13. Na4 Qa5 14. Nc5
Bf5 15. Ng3 Bd7 16. Kb1 h6 17. Nxd7 hxg5 18. Nc5 gxh4 19. Ne2 Bf6 20. Rc1 Kb8
21. Rc3 Ka8 22. Qh2 Rd6 23. Nf4 g5 24. Nfe6 Nh6 25. Rb3 b5 26. f3 Qb6 27. a4 b4
28. Rxb4 Qa5 29. Qd2 Rxe6 30. Nxe6 Nf5 31. Rb3 Qb6 32. Rxb6 axb6 33. a5 b5 34.
Qc3 Rc8 35. Qc5 Nd6 36. a6 Nf5 37. Qb6 1-0

[Event "Benidorm 2003 - sub2300"]
[Site "Benidorm ESP"]
[Date "2003.11.24"]
[Round "5.54"]
[White "Guez, Fabien"]
[Black "Carrascosa Campos, Juan Luis"]
[Result "1-0"]
[WhiteElo "2158"]
[BlackElo "2006"]
[PlyCount "39"]
[EventDate "2003.11.21"]
[EventType "swiss"]
[EventRounds "9"]
[EventCountry "ESP"]
[Source "lmi"]
[SourceDate "2003.11.21"]

1. e4 Nf6 2. e5 Nd5 3. d4 d6 4. Nf3 dxe5 5. Nxe5 e6 6. Bd3 Nd7 7. Nf3 Be7 8.
O-O Nb4 9. Be2 O-O 10. a3 Nd5 11. c4 N5f6 12. Nc3 b6 13. Bf4 Bd6 14. Ne5 Bb7
15. Bf3 Bxf3 16. Qxf3 Bxe5 17. dxe5 Ne8 18. Rad1 Qc8 19. Rxd7 Nd6 20. Qc6 1-0

[Event "Benidorm 2003 - sub2300"]
[Site "Benidorm ESP"]
[Date "2003.11.24"]
[Round "5.55"]
[White "Vazquez Gonzalez, Francisco"]
[Black "Mihailovs, Jurijs"]
[Result "0-1"]
[WhiteElo "2123"]
[BlackElo "2152"]
[PlyCount "59"]
[EventDate "2003.11.21"]
[EventType "swiss"]
[EventRounds "9"]
[EventCountry "ESP"]
[Source "lmi"]
[SourceDate "2003.11.21"]

1. e4 c5 2. Nf3 e6 3. d4 cxd4 4. Nxd4 a6 5. Nc3 Qc7 6. a3 b5 7. Be2 Bb7 8. Qd3
Nf6 9. O-O d6 10. Bg5 Nbd7 11. f3 Be7 12. Qd2 Nb6 13. Bxf6 Bxf6 14. Ndxb5 axb5
15. Nxb5 Qc5+ 16. Kh1 d5 17. exd5 exd5 18. b4 Qe7 19. Rae1 O-O 20. Bd3 Qd7 21.
Qf4 Nc4 22. Nd4 Qd6 23. Qg4 Bc8 24. Nf5 Bxf5 25. Bxf5 g6 26. Bd3 Rxa3 27. f4
Nd2 28. Rf2 Ne4 29. Rf3 Qxb4 30. Rd1 0-1

[Event "Benidorm 2003 - sub2300"]
[Site "Benidorm ESP"]
[Date "2003.11.24"]
[Round "5.56"]
[White "Queimadelos Garcia, Victor"]
[Black "Palma Macias, Jose Alberto"]
[Result "0-1"]
[WhiteElo "2101"]
[BlackElo "2149"]
[PlyCount "40"]
[EventDate "2003.11.21"]
[EventType "swiss"]
[EventRounds "9"]
[EventCountry "ESP"]
[Source "lmi"]
[SourceDate "2003.11.21"]

1. Nf3 Nf6 2. d4 g6 3. Nc3 d5 4. Bf4 c6 5. e3 Bg7 6. Be2 O-O 7. h3 Qb6 8. a3
Bf5 9. Na4 Qa5+ 10. c3 Nbd7 11. b4 Qd8 12. Nd2 Ne4 13. Nxe4 Bxe4 14. f3 Bf5 15.
Nc5 Nxc5 16. bxc5 Qa5 17. Qb3 e5 18. Bxe5 Bxe5 19. dxe5 Qxc5 20. Qb4 Qxe3 0-1

[Event "Benidorm 2003 - sub2300"]
[Site "Benidorm ESP"]
[Date "2003.11.24"]
[Round "5.58"]
[White "Carnicero Rodriguez, Luis"]
[Black "Ingunza Lopez, Txema"]
[Result "1-0"]
[WhiteElo "2146"]
[BlackElo "1997"]
[PlyCount "52"]
[EventDate "2003.11.21"]
[EventType "swiss"]
[EventRounds "9"]
[EventCountry "ESP"]
[Source "lmi"]
[SourceDate "2003.11.21"]

1. Nf3 Nf6 2. c4 g6 3. Nc3 Bg7 4. e4 d6 5. d4 O-O 6. Be2 e5 7. O-O Nc6 8. d5
Ne7 9. b4 Nh5 10. Re1 f5 11. Ng5 Nf6 12. Bf3 f4 13. c5 h6 14. Ne6 Bxe6 15. dxe6
dxc5 16. bxc5 Qxd1 17. Bxd1 Nc6 18. Rb1 b6 19. Bb3 Rfe8 20. Nd5 Rac8 21. Ba4
Nd4 22. Bxe8 Rxe8 23. Nxc7 Rc8 24. cxb6 axb6 25. Nd5 Nxd5 26. exd5 b5 1-0

[Event "Benidorm 2003 - sub2300"]
[Site "Benidorm ESP"]
[Date "2003.11.24"]
[Round "5.59"]
[White "Serna Lara, Sergio"]
[Black "Peters, Paul"]
[Result "1-0"]
[WhiteElo "2235"]
[BlackElo "1987"]
[PlyCount "78"]
[EventDate "2003.11.21"]
[EventType "swiss"]
[EventRounds "9"]
[EventCountry "ESP"]
[Source "lmi"]
[SourceDate "2003.11.21"]

1. d4 f5 2. g3 d5 3. Bg2 c6 4. Nf3 e6 5. O-O Nf6 6. c4 Bd6 7. Qc2 O-O 8. b3 Qe7
9. Ne5 Bd7 10. Bb2 Be8 11. e3 Nbd7 12. Nd3 Bg6 13. Nd2 Rac8 14. Nf3 Ne4 15.
Nfe5 Nxe5 16. dxe5 Bb8 17. a4 dxc4 18. bxc4 Rfd8 19. Ba3 c5 20. Rad1 b6 21. Bb2
Be8 22. Nf4 Bc6 23. g4 g6 24. gxf5 gxf5 25. f3 Rxd1 26. Rxd1 Ng5 27. Nh5 Rd8
28. Nf6+ Kh8 29. Rxd8+ Qxd8 30. f4 Nf3+ 31. Kf1 Be4 32. Qe2 Nh4 33. Bxe4 fxe4
34. Nxe4 Nf5 35. Nf6 Kg7 36. Bc3 Kf7 37. Qh5+ Ke7 38. e4 Nd4 39. Bxd4 cxd4 1-0

[Event "Benidorm 2003 - sub2300"]
[Site "Benidorm ESP"]
[Date "2003.11.24"]
[Round "5.61"]
[White "Acebal Muniz, Antonio"]
[Black "Insa Alfonso, Pablo"]
[Result "1-0"]
[WhiteElo "2230"]
[BlackElo "2105"]
[PlyCount "99"]
[EventDate "2003.11.21"]
[EventType "swiss"]
[EventRounds "9"]
[EventCountry "ESP"]
[Source "lmi"]
[SourceDate "2003.11.21"]

1. Nf3 e6 2. c4 d5 3. d4 f5 4. g3 c6 5. Bg2 Nf6 6. O-O Bd6 7. b3 Qe7 8. Bf4
Bxf4 9. gxf4 O-O 10. Qc1 Ne4 11. Qa3 Qc7 12. Ne5 b6 13. Rc1 Bb7 14. Nc3 Qd8 15.
cxd5 Nxc3 16. Rxc3 cxd5 17. Rac1 Na6 18. e3 Rc8 19. Rxc8 Bxc8 20. Bf1 Nb8 21.
Qxa7 Nd7 22. Rxc8 Qxc8 23. Qxd7 Qxd7 24. Nxd7 Rc8 25. Nxb6 Rc6 26. Nd7 Rc2 27.
a3 Rb2 28. Nc5 Kf7 29. Kg2 Ke7 30. Bb5 Rc2 31. h4 Rc3 32. Bd7 Rxc5 33. dxc5
Kxd7 34. Kh1 g6 35. Kg1 h5 36. Kh1 Kc6 37. b4 Kb5 38. a4+ Kc6 39. Kh2 Kc7 40.
Kg2 Kc6 41. Kh1 Kc7 42. b5 Kb7 43. Kh2 Kc7 44. Kg2 Kb7 45. Kh1 Kc7 46. a5 Kb7
47. Kg1 Kc7 48. Kh1 Kb7 49. b6 Kb8 50. a6 1-0

[Event "Benidorm 2003 - sub2300"]
[Site "Benidorm ESP"]
[Date "2003.11.24"]
[Round "5.62"]
[White "Ferrer Berenguer, Ligorio"]
[Black "Nunez Garcia, Alberto"]
[Result "0-1"]
[WhiteElo "2112"]
[BlackElo "2205"]
[PlyCount "72"]
[EventDate "2003.11.21"]
[EventType "swiss"]
[EventRounds "9"]
[EventCountry "ESP"]
[Source "lmi"]
[SourceDate "2003.11.21"]

1. e4 c5 2. Nc3 Nc6 3. g3 g6 4. Bg2 Bg7 5. d3 e6 6. Be3 Nd4 7. Nce2 Ne7 8. c3
Nxe2 9. Nxe2 Qc7 10. d4 d6 11. f4 O-O 12. g4 Rb8 13. O-O b5 14. a3 f5 15. gxf5
gxf5 16. e5 dxe5 17. fxe5 Bb7 18. Rf2 Nd5 19. Bd2 Kh8 20. a4 a6 21. axb5 axb5
22. b3 cxd4 23. cxd4 Rg8 24. h3 Bf8 25. Kh2 Be7 26. Nf4 Nxf4 27. Bxf4 Bh4 28.
Rd2 Rxg2+ 29. Rxg2 Bxg2 30. Kxg2 Qc6+ 31. d5 Rg8+ 32. Kh2 Qc3 33. Rc1 Qb2+ 34.
Qc2 Qd4 35. Qd2 Bg3+ 36. Kh1 Qe4+ 0-1

[Event "Benidorm 2003 - sub2300"]
[Site "Benidorm ESP"]
[Date "2003.11.24"]
[Round "5.64"]
[White "Perez Pascual, Arturo"]
[Black "Le Pape, Valery"]
[Result "0-1"]
[WhiteElo "2095"]
[BlackElo "2180"]
[PlyCount "60"]
[EventDate "2003.11.21"]
[EventType "swiss"]
[EventRounds "9"]
[EventCountry "ESP"]
[Source "lmi"]
[SourceDate "2003.11.21"]

1. e4 c5 2. Nf3 d6 3. d4 cxd4 4. Nxd4 Nf6 5. Nc3 g6 6. Be3 Bg7 7. f3 O-O 8. Qd2
Nc6 9. g4 Bd7 10. O-O-O Ne5 11. h4 Rc8 12. h5 Qa5 13. Kb1 Nxf3 14. Nxf3 Rxc3
15. Bd3 Nxg4 16. Bd4 Bxd4 17. Nxd4 Rc5 18. hxg6 fxg6 19. b4 Qb6 20. Nf5 Bxf5
21. exf5 Rcxf5 22. Bxf5 Rxf5 23. Rde1 Ne5 24. Re4 Qb5 25. Qc3 Rf1+ 26. Rxf1
Qxf1+ 27. Kb2 b5 28. Qd4 Nc4+ 29. Kb3 Qf3+ 30. c3 Qxe4 0-1

[Event "Benidorm 2003 - sub2300"]
[Site "Benidorm ESP"]
[Date "2003.11.24"]
[Round "5.65"]
[White "Vilarnovo Caamano, Jose"]
[Black "Mollero, Michele"]
[Result "0-1"]
[WhiteElo "2081"]
[BlackElo "2179"]
[PlyCount "67"]
[EventDate "2003.11.21"]
[EventType "swiss"]
[EventRounds "9"]
[EventCountry "ESP"]
[Source "lmi"]
[SourceDate "2003.11.21"]

1. e4 c6 2. d4 d5 3. Nd2 dxe4 4. Nxe4 Bf5 5. Ng3 Bg6 6. h4 h6 7. Nf3 Nd7 8. h5
Bh7 9. Bd3 Bxd3 10. Qxd3 e6 11. Bd2 Ngf6 12. Kf1 Bd6 13. Re1 O-O 14. b4 b6 15.
c4 c5 16. dxc5 Bxg3 17. fxg3 bxc5 18. Rh4 cxb4 19. Bxb4 Re8 20. Bd6 Qa5 21. Ne5
Qxa2 22. Nxd7 Nxd7 23. Qc3 Qa6 24. Rg4 e5 25. Rxe5 Nxe5 26. Bxe5 g5 27. hxg6
fxg6 28. Qe3 Kh7 29. Rh4 g5 30. Qe4+ Qg6 31. Qb7+ Kg8 32. Rd4 Qf7+ 33. Qxf7+
Kxf7 34. Rd7+ 0-1

[Event "Benidorm 2003 - sub2300"]
[Site "Benidorm ESP"]
[Date "2003.11.24"]
[Round "5.68"]
[White "Alonso Contreras, Mario El"]
[Black "Sanz Montarelo, Teodoro"]
[Result "0-1"]
[WhiteElo "2031"]
[BlackElo "2160"]
[PlyCount "58"]
[EventDate "2003.11.21"]
[EventType "swiss"]
[EventRounds "9"]
[EventCountry "ESP"]
[Source "lmi"]
[SourceDate "2003.11.21"]

1. e4 c5 2. Nf3 d6 3. b3 Nf6 4. Nc3 e6 5. Bb2 Be7 6. Bb5+ Nbd7 7. d4 cxd4 8.
Qxd4 O-O 9. O-O Qc7 10. Rfe1 Rd8 11. Rad1 a6 12. Bf1 b6 13. Qe3 Bb7 14. Qg5
Rac8 15. Bd3 Nc5 16. Qg3 b5 17. Nh4 Kh8 18. Nd5 Bxd5 19. exd5 Nxd3 20. cxd3 e5
21. Nf5 Bf8 22. Rc1 Qb7 23. d4 Rxc1 24. Bxc1 Qxd5 25. dxe5 dxe5 26. Ba3 Qd2 27.
Rf1 b4 28. Bc1 Qc2 29. Be3 Rd1 0-1

[Event "Benidorm 2003 - sub2300"]
[Site "Benidorm ESP"]
[Date "2003.11.24"]
[Round "5.69"]
[White "Nicolaisen, Erik"]
[Black "Gomez Benitez, David"]
[Result "1/2-1/2"]
[WhiteElo "2020"]
[BlackElo "2139"]
[PlyCount "46"]
[EventDate "2003.11.21"]
[EventType "swiss"]
[EventRounds "9"]
[EventCountry "ESP"]
[Source "lmi"]
[SourceDate "2003.11.21"]

1. e4 d5 2. exd5 Qxd5 3. Nc3 Qa5 4. Nf3 Nf6 5. Bc4 Bf5 6. O-O e6 7. Re1 Nbd7 8.
d4 c6 9. h3 h6 10. Qe2 Be7 11. Bf4 O-O 12. Rad1 Nd5 13. Nxd5 cxd5 14. Bb3 Rac8
15. c3 a6 16. Ne5 Nxe5 17. Bxe5 Qd8 18. Bc2 Bxc2 19. Qxc2 Bf6 20. Rd3 b5 21.
Qd2 Re8 22. Rg3 Kh7 23. Rf3 Bg5 1/2-1/2

[Event "Benidorm 2003 - sub2300"]
[Site "Benidorm ESP"]
[Date "2003.11.24"]
[Round "5.70"]
[White "Alvarez Escudero, Manuel"]
[Black "Khazankin, Moisei"]
[Result "0-1"]
[WhiteElo "2136"]
[BlackElo "2040"]
[PlyCount "59"]
[EventDate "2003.11.21"]
[EventType "swiss"]
[EventRounds "9"]
[EventCountry "ESP"]
[Source "lmi"]
[SourceDate "2003.11.21"]

1. e4 c5 2. Nf3 d6 3. b3 Nc6 4. Bb2 e5 5. Bc4 Be7 6. h3 Nf6 7. Nc3 O-O 8. O-O
a6 9. a4 Rb8 10. Qe2 Bd7 11. Nd5 Ne8 12. Nxe7+ Qxe7 13. c3 Kh8 14. d4 g6 15.
dxe5 dxe5 16. Bd5 Ng7 17. c4 Nd4 18. Nxd4 exd4 19. a5 f5 20. Rfe1 f4 21. f3 Qg5
22. Kh1 Nh5 23. Qf2 b5 24. axb6 Rxb6 25. Ra5 Qf6 26. Re2 Rxb3 27. Rxc5 Rd3 28.
Rc2 Rb8 29. g4 fxg3 30. Qg2 0-1

[Event "Benidorm 2003 - sub2300"]
[Site "Benidorm ESP"]
[Date "2003.11.24"]
[Round "5.72"]
[White "Debitsch, Rasmus"]
[Black "Beitia Amador, Ernest"]
[Result "1/2-1/2"]
[WhiteElo "2124"]
[BlackElo "2073"]
[PlyCount "28"]
[EventDate "2003.11.21"]
[EventType "swiss"]
[EventRounds "9"]
[EventCountry "ESP"]
[Source "lmi"]
[SourceDate "2003.11.21"]

1. e4 c6 2. d4 d5 3. exd5 cxd5 4. Bd3 Nf6 5. Nf3 Bg4 6. c3 Nc6 7. O-O e6 8.
Nbd2 Qc7 9. Re1 Bd6 10. Nf1 O-O-O 11. Be3 h5 12. Rc1 Bxf3 13. Qxf3 Ng4 14. h3
Nxe3 1/2-1/2

[Event "Benidorm 2003 - sub2300"]
[Site "Benidorm ESP"]
[Date "2003.11.24"]
[Round "5.73"]
[White "Aymerich Rosell, Pablo"]
[Black "Llasera Brufau, Joan"]
[Result "1-0"]
[WhiteElo "2123"]
[BlackElo "2007"]
[PlyCount "31"]
[EventDate "2003.11.21"]
[EventType "swiss"]
[EventRounds "9"]
[EventCountry "ESP"]
[Source "lmi"]
[SourceDate "2003.11.21"]

1. e4 c6 2. d4 d5 3. exd5 cxd5 4. c4 Nf6 5. Nc3 Nc6 6. Nf3 Bg4 7. cxd5 Nxd5 8.
Qb3 Bxf3 9. gxf3 Nb6 10. Be3 e6 11. O-O-O Rc8 12. Kb1 Be7 13. Bh3 O-O 14. d5
Na5 15. Qb5 Nxd5 16. Nxd5 1-0

[Event "Benidorm 2003 - sub2300"]
[Site "Benidorm ESP"]
[Date "2003.11.24"]
[Round "5.74"]
[White "Gonzalez Aguirre, Luis"]
[Black "Huerga Leache, Mikel"]
[Result "1-0"]
[WhiteElo "2241"]
[BlackElo "2081"]
[PlyCount "67"]
[EventDate "2003.11.21"]
[EventType "swiss"]
[EventRounds "9"]
[EventCountry "ESP"]
[Source "lmi"]
[SourceDate "2003.11.21"]

1. c4 f5 2. Nc3 Nf6 3. Nf3 e6 4. g3 Be7 5. Bg2 O-O 6. d4 Ne4 7. Qc2 Bb4 8. O-O
Bxc3 9. bxc3 d6 10. Nd2 Nxd2 11. Bxd2 Nc6 12. e4 e5 13. Qd3 f4 14. gxf4 exf4
15. Bh3 Bxh3 16. Qxh3 Rf6 17. Kh1 Qe7 18. f3 Qf7 19. Rg1 Na5 20. Rg4 Nxc4 21.
Rag1 g6 22. Be1 Ne3 23. Rg5 Qxa2 24. d5 Kh8 25. Bh4 Raf8 26. Rxg6 Rxg6 27. Rxg6
Ng4 28. Rxg4 Qa1+ 29. Rg1 Qxc3 30. Qg4 a5 31. Be1 Qe5 32. Bxa5 h5 33. Qg6 Qe7
34. Bc3+ 1-0

[Event "Benidorm 2003 - sub2300"]
[Site "Benidorm ESP"]
[Date "2003.11.24"]
[Round "5.75"]
[White "Andersen, Alf R"]
[Black "Vea, Odin Blikra"]
[Result "1-0"]
[WhiteElo "2192"]
[BlackElo "2075"]
[PlyCount "73"]
[EventDate "2003.11.21"]
[EventType "swiss"]
[EventRounds "9"]
[EventCountry "ESP"]
[Source "lmi"]
[SourceDate "2003.11.21"]

1. e4 c5 2. Nf3 Nc6 3. d3 e6 4. g3 g6 5. Bg2 Bg7 6. O-O Nge7 7. Nbd2 d5 8. Re1
O-O 9. c3 d4 10. c4 e5 11. h4 h6 12. Kh2 f5 13. Bh3 f4 14. g4 Qd7 15. Ng1 a6
16. g5 Qd6 17. gxh6 Bxh6 18. Ndf3 Nd8 19. Bxc8 Rxc8 20. Nh3 Ne6 21. Rg1 Kf7 22.
b4 cxb4 23. a3 a5 24. axb4 axb4 25. Ra5 Nc5 26. Rb5 b3 27. Ba3 b6 28. Qxb3 Rb8
29. Rb1 Nc6 30. Qd1 Na7 31. Bxc5 bxc5 32. Rb7+ Kg8 33. Rxa7 Qe6 34. Rxb8 Rxb8
35. Qa4 Rb4 36. Qa5 Bf8 37. Qc7 1-0

[Event "Benidorm 2003 - sub2300"]
[Site "Benidorm ESP"]
[Date "2003.11.24"]
[Round "5.76"]
[White "Andres Julia, Vicente Ramon"]
[Black "Garcia Galeote, Lorenzo"]
[Result "1-0"]
[WhiteElo "2047"]
[BlackElo "2134"]
[PlyCount "61"]
[EventDate "2003.11.21"]
[EventType "swiss"]
[EventRounds "9"]
[EventCountry "ESP"]
[Source "lmi"]
[SourceDate "2003.11.21"]

1. e4 Nc6 2. d4 d5 3. e5 Bf5 4. c3 f6 5. f4 e6 6. Nd2 Be7 7. Ndf3 Nh6 8. Ne2
Bg4 9. Ng3 O-O 10. exf6 Bxf6 11. Bd3 Bh4 12. O-O Bxg3 13. hxg3 Nf5 14. Qc2 h6
15. Nh2 Nxg3 16. Nxg4 Nxf1 17. Bxf1 Rf5 18. Bd3 Qh4 19. Qe2 Rff8 20. Qxe6+ Kh8
21. Bd2 h5 22. Nf2 Ne7 23. Nh3 Rae8 24. Ng5 g6 25. Bxg6 Nxg6 26. Qxg6 Re7 27.
Rf1 Qg4 28. Rf3 Rg7 29. Qh6+ Kg8 30. Qe6+ Kh8 31. Rh3 1-0

[Event "Benidorm 2003 - sub2300"]
[Site "Benidorm ESP"]
[Date "2003.11.24"]
[Round "5.77"]
[White "Vicente Torrecillas, Fran"]
[Black "Monserrat Castells, Julio"]
[Result "1-0"]
[WhiteElo "2128"]
[BlackElo "2055"]
[PlyCount "133"]
[EventDate "2003.11.21"]
[EventType "swiss"]
[EventRounds "9"]
[EventCountry "ESP"]
[Source "lmi"]
[SourceDate "2003.11.21"]

1. d4 Nf6 2. c4 c5 3. d5 b5 4. cxb5 a6 5. bxa6 g6 6. Nc3 Bxa6 7. Nf3 Bg7 8. e4
Bxf1 9. Kxf1 d6 10. g3 Nbd7 11. Kg2 O-O 12. Re1 Nb6 13. h3 Nfd7 14. a4 Qc8 15.
Bg5 Re8 16. Qe2 h6 17. Bf4 Qa6 18. Nb5 Rec8 19. a5 c4 20. Nc7 Qb7 21. axb6 Rxa1
22. Rxa1 Qxb6 23. Na6 Bxb2 24. Be3 Qb7 25. Ra4 Nf6 26. Rxc4 Qxa6 27. Rxc8+ Qxc8
28. Qxb2 Nxe4 29. Bxh6 Nf6 30. g4 Kh7 31. g5 Nh5 32. Qd4 Qf5 33. Nh4 Nf4+ 34.
Kf3 Qxd5+ 35. Qxd5 Nxd5 36. Ke4 Nc3+ 37. Kd4 Nd1 38. f4 Nf2 39. Ke3 Nxh3 40.
Bf8 e5 41. fxe5 dxe5 42. Be7 Nf4 43. Ke4 Nh5 44. Kxe5 Kg7 45. Ng2 Ng3 46. Ne3
Kg8 47. Bf6 Kf8 48. Kd6 Ne4+ 49. Kd7 Nc5+ 50. Kc6 Ne4 51. Nd5 Kg8 52. Kd7 Kf8
53. Be7+ Kg7 54. Ke8 Ng3 55. Bf6+ Kg8 56. Ne7+ Kh7 57. Kxf7 Ne4 58. Nc8 Nd6+
59. Ke6 Nxc8 60. Bd4 Kg8 61. Kd7 Kf7 62. Kxc8 Ke7 63. Kc7 Ke6 64. Kd8 Kf7 65.
Kd7 Kg8 66. Ke6 Kh7 67. Kf6 1-0

[Event "Benidorm 2003 - sub2300"]
[Site "Benidorm ESP"]
[Date "2003.11.24"]
[Round "5.79"]
[White "Costa Costa, Enrique"]
[Black "Pellicer Coloma, Pedro"]
[Result "1/2-1/2"]
[WhiteElo "2035"]
[BlackElo "2103"]
[PlyCount "87"]
[EventDate "2003.11.21"]
[EventType "swiss"]
[EventRounds "9"]
[EventCountry "ESP"]
[Source "lmi"]
[SourceDate "2003.11.21"]

1. d4 d5 2. Bf4 e6 3. Nf3 Be7 4. e3 f5 5. Nbd2 Nf6 6. Ne5 O-O 7. Bd3 Bd7 8.
Nxd7 Nbxd7 9. O-O Ne4 10. f3 Nxd2 11. Qxd2 Bf6 12. c3 c5 13. Bd6 Be7 14. Bxe7
Qxe7 15. Bb5 Nf6 16. Ba4 e5 17. Rfe1 a6 18. Rad1 b5 19. Bb3 c4 20. Bc2 e4 21.
f4 a5 22. a3 Rfb8 23. Ra1 Ra6 24. Rec1 Rab6 25. Bd1 b4 26. axb4 axb4 27. h3 Ne8
28. Ra5 Qb7 29. Rca1 bxc3 30. bxc3 Rb2 31. Qc1 Nc7 32. Ra7 Qb6 33. Bc2 h6 34.
R7a2 Rxa2 35. Rxa2 g5 36. fxg5 hxg5 37. Qa3 Ra8 38. Qb2 Qxb2 39. Rxb2 Ra1+ 40.
Kh2 Ra3 41. Rb8+ Kf7 42. Rb7 Rxc3 43. Rxc7+ Ke6 44. Ba4 1/2-1/2

[Event "Benidorm 2003 - sub2300"]
[Site "Benidorm ESP"]
[Date "2003.11.24"]
[Round "5.80"]
[White "Carrasco Sagredo, Manuel"]
[Black "Fernandez Garcia, Ignacio"]
[Result "1-0"]
[WhiteElo "2086"]
[BlackElo "2006"]
[PlyCount "61"]
[EventDate "2003.11.21"]
[EventType "swiss"]
[EventRounds "9"]
[EventCountry "ESP"]
[Source "lmi"]
[SourceDate "2003.11.21"]

1. e4 e6 2. d4 d5 3. e5 c5 4. Qg4 cxd4 5. Nf3 Nc6 6. Bd3 h5 7. Qg3 h4 8. Qf4
Nh6 9. O-O Be7 10. Nxd4 g5 11. Nxc6 bxc6 12. Qf3 Bd7 13. c4 g4 14. Qe2 dxc4 15.
Be4 g3 16. h3 gxf2+ 17. Qxf2 Bg5 18. Nd2 O-O 19. Nxc4 Rb8 20. Qxa7 Bxc1 21.
Raxc1 Ra8 22. Qe3 Nf5 23. Bxf5 exf5 24. Nd6 Qe7 25. Nxf5 Bxf5 26. Rxf5 Qa7 27.
Rc5 f6 28. exf6 Rf7 29. Qh6 Rh7 30. Qg6+ Kh8 31. f7 1-0